Advances in gravitation and cosmology / (Record no. 10156)
[ view plain ]
| 000 -LEADER | |
|---|---|
| fixed length control field | 00535cam a2200205ua 4500 |
| 020 ## - INTERNATIONAL STANDARD BOOK NUMBER | |
| ISBN | 81-224-0522-3 |
| 041 ## - LANGUAGE CODE | |
| Language code of text/sound track or separate title | eng |
| 082 ## - DEWEY DECIMAL CLASSIFICATION NUMBER | |
| Classification number | 531.14 |
| Item number | IYE/AD |
| 100 ## - MAIN ENTRY--AUTHOR NAME | |
| Personal name | Iyer, B.R . |
| 245 00 - TITLE STATEMENT | |
| Title | Advances in gravitation and cosmology / |
| 260 ## - PUBLICATION, DISTRIBUTION, ETC. (IMPRINT) | |
| Place of publication | New Delhi : |
| Name of publisher | Wiley Eastern Ltd , |
| Year of publication | 1993. |
| 300 ## - PHYSICAL DESCRIPTION | |
| Number of Pages | 288 ; . |
| 700 1# - ADDED ENTRY--PERSONAL NAME | |
| Personal name | Prasanna, A.R . |
| 700 1# - ADDED ENTRY--PERSONAL NAME | |
| Personal name | Varma, R.K . |
| 700 1# - ADDED ENTRY--PERSONAL NAME | |
| Personal name | Visheswara, C.V . |
| 942 ## - ADDED ENTRY ELEMENTS (KOHA) | |
| Koha item type | Books |
| Withdrawn status | Lost status | Damaged status | Home library | Current library | Date acquired | Full call number | Accession Number | Koha item type |
|---|---|---|---|---|---|---|---|---|
| KAUAET | KAUAET | 07/04/2012 | 531.14 IYE/AD | 19989 | Books |
